00983nam a22002534aa4500003000800000005001700008008004100025040003000066041000800096044000700104082001800111100003700129245015700166260002500323300004100348500003600389502018000425650002100605653002600626653001500652653001400667653001300681700003500694BOFEUTO20260512171902.0260504t2025 bo gr 000 f spa d 6BOFEUTOaBOFEUTOcBOFEUTO aspa abo aTE6308bP371g aPedraza, Cristhian Alvaroeautor aGestión de branding para posicionar a la Cooperativa de Ahorro y Crédito Abierta Paulo VI R. L. /c Cristhian Alvaro Pedraza, Verónica Sandy Tapia aOruro :bs/n,c2025. a97 hojas ;btab, gráf. ;c28.5 cm. aIncluye bibliografía, anexos. aTesis Dirigida, (Licenciatura) -- Universidad Técnica de Oruro, Facultad de Ciencias Económicas, Financieras y Administrativas, Carrera Administración de Empresas, 2025. aAdministración aGestión de Branding aCondumidor aProductos aUsuarios aSandy Tapia, Verónicaetutor